Find The Favorite Things Quiz Stats

 Plays Quiz Updated Nov 20, 2017

Score 0/14 Timer 03:00
2 Plays Today
% Correct
Whiskers on kittens
90%
Warm woollen mittens
87.8%
Brown paper packages
tied up with strings
86.4%
Raindrops on roses
79.2%
Girls in white dresses
with blue satin sashes
75.5%
Snowflakes that stay on
my nose and eyelashes
74.8%
Bright copper kettles
74.2%
% Correct
Sleighbells
72.4%
Doorbells
70.1%
Silver white winters
68.1%
Crisp apple strudels
67.9%
Wild geese that fly with
the moon on their wings
59.5%
Cream colored ponies
58.7%
Schnitzel with noodles
55.3%

You're not logged in!

Compare scores with friends on all Sporcle quizzes.
Join for Free
OR
Log In

You Might Also Like...

Show Comments

Extras

Top Quizzes Today


Score Distribution

Your Account Isn't Verified!

In order to create a playlist on Sporcle, you need to verify the email address you used during registration. Go to your Sporcle Settings to finish the process.

Report this User

Report this user for behavior that violates our Community Guidelines.

Details: